书目信息 |
| 题名: |
地球的表层:人类的家园
|
|
| 作者: | 贾绍凤 , 张明 著 | |
| 分册: | ||
| 出版信息: | 上海 上海科学技术出版社 2000.03 |
|
| 页数: | 159页 | |
| 开本: | 32开 | |
| 丛书名: | ||
| 单 册: | ||
| 中图分类: | P-49 | |
| 科图分类: | ||
| 主题词: | 天文学 , 地球科学 | |
| 电子资源: | ||
| ISBN: | 7-5323-5286-2 | |
| 000 | 00625nam0 2200217 45 | |
| 001 | 0011171908 | |
| 005 | 20001117193459.7 | |
| 010 | @a7-5323-5286-2@d8.10元 | |
| 100 | @a20001117d2000 km y0chiy0120 ea | |
| 101 | 0 | @achi |
| 105 | @a z 000yy | |
| 200 | 1 | @a地球的表层:人类的家园@ADi Qiu De Biao Ceng:Ren Lei De Jia Yuan@f贾绍凤,张明著@FJia Shao Feng,Zhang Ming Zhu |
| 210 | @a上海@c上海科学技术出版社@d2000.03 | |
| 215 | @a159页@d32开 | |
| 606 | 0 | @a天文学 |
| 606 | 0 | @a地球科学 |
| 690 | @aP-49@v3 | |
| 701 | 0 | @a贾绍凤@4著 |
| 701 | 0 | @a张明@4著 |
| 801 | @aCN@bPftUser@c20001117 | |
| 905 | @b412050-054@dP-49@eJ253@f5 | |
| 地球的表层:人类的家园/贾绍凤,张明著.-上海:上海科学技术出版社,2000.03 |
| 159页;32开 |
| ISBN 7-5323-5286-2:8.10元 |
| ● |
| 相关链接 |
|
|
|
正题名:地球的表层:人类的家园
索取号:P-49/J253
 
预约/预借
| 序号 | 登录号 | 条形码 | 馆藏地/架位号 | 状态 | 备注 |
| 1 | 412050 | 204120502 | 自科库401/401自科库 65排1列2层/ [索取号:P-49/J253] | 在馆 | |
| 2 | 412051 | 204120511 | 自科库401/401自科库 65排1列2层/ [索取号:P-49/J253] | 在馆 | |
| 3 | 412052 | 204120520 | 自科库401/401自科库 65排1列2层/ [索取号:P-49/J253] | 在馆 | |
| 4 | 412053 | 204120539 | 自科库401/401自科库 65排1列2层/ [索取号:P-49/J253] | 在馆 | |
| 5 | 412054 | 204120548 | 自科库401/401自科库 65排1列2层/ [索取号:P-49/J253] | 在馆 |